[Event "DEN-ch G5-2A"]
[Site "Skorping"]
[Date "2017.04.13"]
[Round "1"]
[White "Kull, Michael Wilhelm"]
[Black "Frambol, Christian Emil"]
[Result "1/2-1/2"]
[WhiteElo "1911"]
[BlackElo "1763"]
[PlyCount "48"]
[EventDate "2017.04.13"]
[EventType "swiss"]
[EventRounds "5"]
[EventCountry "DEN"]
[SourceTitle "EXT 2018"]
[Source "ChessBase"]
[SourceDate "2017.10.13"]
[SourceVersion "1"]
[SourceVersionDate "2017.10.13"]
[SourceQuality "1"]

1. d4 Nf6 2. c4 g6 3. Nc3 Bg7 4. e4 d6 5. f3 0-0 6. Nge2 c5 7. Be3 cxd4 8. Nxd4 Nc6 9. Qd2 Bd7 10. Be2 Nxd4 11. Bxd4 Bc6 12. g4 a5 13. h4 e5 14. Be3 h5 15. Bg5 Kh7 16. gxh5 gxh5 17. Rd1 Qb6 18. Nd5 Bxd5 19. exd5 Qb4 20. Bd3+ Kh8 21. Kf1 Qxd2 22. Rxd2 Ng8 23. Bf5 Nh6 24. Bxh6 Bxh6 1/2-1/2